000 00618nam a22002534a 4500
001 UByD003247
003 AR-LpoUNG
005 20240927121538.0
008 240927s2000 ag 000 f spa d
020 _a9875310077
040 _aAR-LpoUNG
_bspa
_cAR-LpoUNG
_eaacr
041 0 _aspa
082 0 _aA863 939ita
100 1 _aSuárez, Patricia
245 1 3 _aLa italiana y otros cuentos
250 _a1ra. ed.
260 _aBuenos Aires :
_bAmeghino,
_c2000.
300 _a125 p.
650 4 _aLITERATURA
650 4 _aCUENTOS
650 4 _aFICCION
653 0 _aLITERATURA ARGENTINA
942 _2ddc
_cLIB
999 _c65897
_d65897